[Event "GER-chT U20 Girls"]
[Site "Duesseldorf"]
[Date "2017.12.28"]
[Round "3.3"]
[White "Wagner, Lena"]
[Black "Wienhold, Nadine"]
[Result "0-1"]
[WhiteElo "1259"]
[BlackElo "1463"]
[PlyCount "130"]
[EventDate "2017.12.26"]
[EventType "team-swiss"]
[EventRounds "7"]
[EventCountry "GER"]
[SourceTitle "CBM 182 Extra"]
[Source "ChessBase"]
[SourceDate "2018.02.23"]
[SourceVersion "1"]
[SourceVersionDate "2018.02.23"]
[SourceQuality "1"]
[WhiteTeam "Endingen"]
[BlackTeam "Chemnitz USG"]
[WhiteTeamCountry "GER"]
[BlackTeamCountry "GER"]

1. d4 d5 2. Nf3 Bf5 3. Bf4 e6 4. g3 Nc6 5. Nc3 Nf6 6. a3 Be7 7. Bg2 a6 8. 0-0 0-0 9. Re1 Ne4 10. Ne5 Nxc3 11. bxc3 Nxe5 12. Bxe5 Bg6 13. e4 c6 14. a4 Bd6 15. exd5 exd5 16. Rb1 b5 17. axb5 axb5 18. Re3 Ra2 19. Rc1 h6 20. Qe2 Ba3 21. Rd1 Qa5 22. h4 Rxc2 23. Qf3 f6 24. Bf4 Kh7 25. Ra1 Rc1+ 26. Rxc1 Bxc1 27. Re6 Bxf4 28. gxf4 Be4 29. Qg3 Bxg2 30. Kxg2 Qc7 31. h5 Qd7 32. f5 Rc8 33. Kf3 Kh8 34. Qg6 Rf8 35. Ke3 Rf7 36. Kd3 Re7 37. Re3 Rxe3+ 38. fxe3 Qe7 39. Qg4 Kg8 40. Qf4 Kf7 41. e4 Qxe4+ 42. Qxe4 dxe4+ 43. Kxe4 Ke7 44. Kd3 Kd6 45. Kc2 Kd5 46. Kb3 c5 47. dxc5 Kxc5 48. Kc2 b4 49. cxb4+ Kxb4 50. Kd3 Kc5 51. Ke4 Kd6 52. Ke3 Kd5 53. Kd3 Ke5 54. Kc4 Kxf5 55. Kd5 Kg4 56. Ke6 f5 57. Kf7 Kxh5 58. Kxg7 f4 59. Kf6 f3 60. Kg7 f2 61. Kf6 f1Q+ 62. Kg7 Qf5 63. Kh8 Qd7 64. Kg8 Kg6 65. Kf8 Qf7# 0-1

[Event "GER-chT U20 Girls"]
[Site "Duesseldorf"]
[Date "2017.12.27"]
[Round "2.3"]
[White "Wienhold, Nadine"]
[Black "Mehling, Katharina"]
[Result "1/2-1/2"]
[WhiteElo "1463"]
[BlackElo "1888"]
[PlyCount "60"]
[EventDate "2017.12.26"]
[EventType "team-swiss"]
[EventRounds "7"]
[EventCountry "GER"]
[SourceTitle "CBM 182 Extra"]
[Source "ChessBase"]
[SourceDate "2018.02.23"]
[SourceVersion "1"]
[SourceVersionDate "2018.02.23"]
[SourceQuality "1"]
[WhiteTeam "Chemnitz USG"]
[BlackTeam "Stetten"]
[WhiteTeamCountry "GER"]
[BlackTeamCountry "GER"]

1. e4 e6 2. d4 d5 3. e5 c5 4. Nf3 Nc6 5. c3 Bd7 6. Be3 Qb6 7. Qd2 f6 8. Be2 fxe5 9. Nxe5 Nxe5 10. dxe5 Ne7 11. f4 Nc6 12. 0-0 Be7 13. Kh1 Qc7 14. Na3 a6 15. Nc2 0-0-0 16. b4 Nb8 17. bxc5 Rdg8 18. Rab1 h6 19. Rb2 g5 20. Rfb1 gxf4 21. Bxf4 Bxc5 22. Rxb7 Qxb7 23. Rxb7 Kxb7 24. Nd4 Nc6 25. Qd3 Ra8 26. Qb1+ Kc7 27. Nb3 Ba3 28. c4 d4 29. Qa1 Rab8 30. h3 h5 1/2-1/2

[Event "GER-chT U20 Girls"]
[Site "Duesseldorf"]
[Date "2017.12.27"]
[Round "1.3"]
[White "Zimmermann, Jasmin"]
[Black "Wienhold, Nadine"]
[Result "1/2-1/2"]
[WhiteElo "1735"]
[BlackElo "1463"]
[PlyCount "95"]
[EventDate "2017.12.26"]
[EventType "team-swiss"]
[EventRounds "7"]
[EventCountry "GER"]
[SourceTitle "CBM 182 Extra"]
[Source "ChessBase"]
[SourceDate "2018.02.23"]
[SourceVersion "1"]
[SourceVersionDate "2018.02.23"]
[SourceQuality "1"]
[WhiteTeam "Harksheide"]
[BlackTeam "Chemnitz USG"]
[WhiteTeamCountry "GER"]
[BlackTeamCountry "GER"]

1. e4 e5 2. Nf3 Nc6 3. d4 exd4 4. Nxd4 Bc5 5. Nb3 Bb6 6. Nc3 d6 7. Qe2 Be6 8. Be3 Bxe3 9. Qxe3 a6 10. 0-0-0 Nf6 11. f4 Qe7 12. Be2 0-0-0 13. Bf3 Bxb3 14. axb3 Kb8 15. Rhe1 Rhe8 16. Qe2 Na7 17. Qc4 Qe6 18. Qb4 Qc8 19. h3 Nd7 20. Bg4 Nc6 21. Qc4 Re7 22. Nd5 Ree8 23. b4 f6 24. b5 Na7 25. bxa6 bxa6 26. Rd3 Qb7 27. Rb3 Nb6 28. Nxb6 cxb6 29. Qb4 Nb5 30. Ree3 Ka7 31. Be2 Nc7 32. Ra3 h6 33. Bf3 Qb8 34. Red3 Ne6 35. f5 Nc5 36. Rd1 Qc7 37. Rc3 Qb8 38. Qc4 Re7 39. Ra3 a5 40. b4 Nb7 41. Be2 Ka8 42. bxa5 bxa5 43. Qd5 Qa7 44. Rd4 Re5 45. Qc4 Rc5 46. Qa6 Qxa6 47. Bxa6 Ka7 48. Bxb7 1/2-1/2

[Event "Regionalliga Ost 1718 (Women)"]
[Site "Germany"]
[Date "2017.12.17"]
[Round "3.3"]
[White "Wienhold, Nadine"]
[Black "Orlova, Liubov"]
[Result "0-1"]
[WhiteElo "1422"]
[BlackElo "1985"]
[PlyCount "104"]
[EventDate "2017.10.15"]
[EventType "team-tourn"]
[EventRounds "5"]
[EventCountry "GER"]
[SourceTitle "CBM 183 Extra"]
[Source "ChessBase"]
[SourceDate "2018.04.19"]
[SourceVersion "1"]
[SourceVersionDate "2018.04.19"]
[SourceQuality "1"]
[WhiteTeam "Chemnitz USG (W)"]
[BlackTeam "Niederwiesa (W)"]
[WhiteTeamCountry "GER"]
[BlackTeamCountry "GER"]

1. e4 c5 2. Nf3 g6 3. c3 Bg7 4. Bc4 d6 5. d3 Nc6 6. Be3 Nf6 7. h3 Bd7 8. Qd2 Na5 9. Na3 Nxc4 10. Nxc4 b5 11. Na3 h5 12. Nc2 Qc7 13. Rc1 c4 14. Nb4 e6 15. 0-0 a5 16. Nc2 Qb7 17. Ng5 Rd8 18. f3 0-0 19. d4 Rb8 20. a3 Ne8 21. d5 exd5 22. Qxd5 Qxd5 23. exd5 Nc7 24. Rcd1 Rfe8 25. Bf4 Be5 26. Bc1 b4 27. axb4 Ba4 28. Rf2 axb4 29. cxb4 Rxb4 30. Nxb4 Bxd1 31. Rd2 Ba4 32. Ne4 Kg7 33. Re2 Rb8 34. Bd2 Bxb2 35. Nxd6 Bd4+ 36. Kh1 c3 37. Bxc3 Bxc3 38. Nc6 Rb1+ 39. Kh2 Nxd5 40. Nd8 Bb5 41. Rf2 Be5+ 42. g3 Bxd6 43. h4 Be5 44. Kh3 Ne3 45. Ne6+ fxe6 46. Kh2 Nf1+ 47. Kg2 Bxg3 48. f4 Bxf2 49. f5 exf5 50. Kh3 Be1 51. Kg2 Rb2+ 52. Kh3 Rh2# 0-1

[Event "GER-chT U20 Girls"]
[Site "Osnabrueck"]
[Date "2015.12.27"]
[Round "1.4"]
[White "Zimmermann, Jasmin"]
[Black "Wienhold, Nadine"]
[Result "1-0"]
[WhiteElo "1662"]
[BlackElo "1375"]
[PlyCount "115"]
[EventDate "2015.12.27"]
[EventType "team-swiss"]
[EventRounds "7"]
[EventCountry "GER"]
[SourceTitle "EXT 2017"]
[Source "ChessBase"]
[SourceDate "2016.10.25"]
[SourceVersion "1"]
[SourceVersionDate "2016.10.25"]
[SourceQuality "1"]
[WhiteTeam "Harksheide"]
[BlackTeam "Chemnitz USG"]
[WhiteTeamCountry "GER"]
[BlackTeamCountry "GER"]

1. e4 e5 2. Nf3 Nc6 3. Bb5 Nd4 4. Nxd4 exd4 5. 0-0 g6 6. Re1 Bg7 7. d3 c6 8. Bc4 Ne7 9. Bf4 d6 10. Nd2 0-0 11. a4 d5 12. Ba2 Be6 13. e5 c5 14. Nf3 Qd7 15. Qd2 Rfe8 16. Ng5 Nc6 17. Re2 Re7 18. Rae1 Rae8 19. h3 b6 20. Nf3 Bf5 21. Bg5 Re6 22. g4 Bxg4 23. hxg4 Nxe5 24. Nxe5 Rxe5 25. f3 Rxe2 26. Rxe2 Rxe2 27. Qxe2 Qe6 28. Qxe6 fxe6 29. Bf4 h6 30. Bb8 a6 31. Ba7 Be5 32. Bxb6 Bd6 33. a5 Kf7 34. Bb3 Ke7 35. Ba4 h5 36. gxh5 gxh5 37. Bc6 h4 38. Kg2 Kf7 39. Bb7 Ke7 40. Bxa6 Kd7 41. Bb7 Bc7 42. Bxc7 Kxc7 43. a6 c4 44. Kh3 c3 45. b3 Kb6 46. Kxh4 Ka7 47. Kg5 e5 48. Kf5 e4 49. fxe4 dxe4 50. Kxe4 Kb6 51. Kxd4 Kc7 52. Kc5 Kb8 53. d4 Kc7 54. d5 Kb8 55. d6 Ka7 56. d7 Kb8 57. d8Q+ Ka7 58. Qa8# 1-0

[Event "GER-chT U14 Girls"]
[Site "Regensburg"]
[Date "2014.12.29"]
[Round "5.3"]
[White "Khamenya, Vitalia"]
[Black "Wienhold, Nadine"]
[Result "1/2-1/2"]
[WhiteElo "1385"]
[BlackElo "1391"]
[PlyCount "67"]
[EventDate "2014.12.27"]
[EventType "team-swiss"]
[EventRounds "7"]
[EventCountry "GER"]
[SourceTitle "EXT 2016"]
[Source "ChessBase"]
[SourceDate "2015.10.08"]
[SourceVersion "1"]
[SourceVersionDate "2015.10.08"]
[SourceQuality "1"]
[WhiteTeam "Graefelfing"]
[BlackTeam "Chemnitz USG"]
[WhiteTeamCountry "GER"]
[BlackTeamCountry "GER"]

1. e4 e5 2. f4 Nc6 3. Nf3 d6 4. Bc4 Be7 5. 0-0 Nf6 6. Nc3 0-0 7. d3 Be6 8. Bb3 exf4 9. d4 Bxb3 10. axb3 Nd7 11. Bxf4 Bf6 12. Kh1 Re8 13. Rg1 a6 14. g4 g6 15. g5 Bg7 16. Qd2 Nb6 17. h4 Qd7 18. Rg3 Re7 19. Kh2 Rae8 20. Re1 Qc8 21. h5 Qd7 22. hxg6 fxg6 23. Rh3 Rf8 24. Kg3 Ref7 25. Reh1 Bh8 26. Be3 Re8 27. Nh4 Qe6 28. Ng2 Qd7 29. Nf4 Ne7 30. Nd1 Ref8 31. Qh2 Nc6 32. c3 Qe7 33. Nf2 Qxg5+ 34. Kf3 1/2-1/2

[Event "GER-chT U14 Girls"]
[Site "Regensburg"]
[Date "2014.12.28"]
[Round "4.3"]
[White "Wienhold, Nadine"]
[Black "Wagner, Anna"]
[Result "1-0"]
[WhiteElo "1391"]
[BlackElo "937"]
[PlyCount "91"]
[EventDate "2014.12.27"]
[EventType "team-swiss"]
[EventRounds "7"]
[EventCountry "GER"]
[SourceTitle "EXT 2016"]
[Source "ChessBase"]
[SourceDate "2015.10.08"]
[SourceVersion "1"]
[SourceVersionDate "2015.10.08"]
[SourceQuality "1"]
[WhiteTeam "Chemnitz USG"]
[BlackTeam "Endingen"]
[WhiteTeamCountry "GER"]
[BlackTeamCountry "GER"]

1. c4 c6 2. Nc3 d5 3. cxd5 cxd5 4. g3 e6 5. Bg2 Bb4 6. Nf3 Bxc3 7. bxc3 Nc6 8. 0-0 Nf6 9. Ba3 d4 10. cxd4 Nxd4 11. Qa4+ Nc6 12. Ne5 Bd7 13. Nxc6 bxc6 14. Bxc6 Bxc6 15. Qxc6+ Qd7 16. Qxa8+ Qd8 17. Qxd8+ Kxd8 18. Rfc1 Kd7 19. Rab1 Ne4 20. d3 Nd6 21. Bxd6 Kxd6 22. Rb7 a5 23. Rxf7 Rg8 24. Rcc7 a4 25. Rxg7 Rxg7 26. Rxg7 Kc5 27. Rxh7 Kb4 28. Re7 Ka3 29. Rxe6 Kxa2 30. Ra6 a3 31. h4 Kb2 32. h5 a2 33. h6 a1Q+ 34. Rxa1 Kxa1 35. h7 Kb2 36. h8Q+ Kb3 37. Qc8 Kb4 38. f4 Kb5 39. Kf2 Kb4 40. Ke3 Kb5 41. Kd4 Kb6 42. Qc5+ Kb7 43. Kd5 Ka6 44. Qb4 Ka7 45. Kc6 Ka8 46. Qb7# 1-0

[Event "GER-chT U14 Girls"]
[Site "Magdeburg"]
[Date "2014.06.28"]
[Round "6.3"]
[White "Kahle, Leonie"]
[Black "Wienhold, Nadine"]
[Result "0-1"]
[WhiteElo "1365"]
[BlackElo "1222"]
[PlyCount "78"]
[EventDate "2013.12.27"]
[EventType "team-swiss"]
[EventRounds "4"]
[EventCountry "GER"]
[SourceTitle "EXT 2022"]
[Source "ChessBase"]
[SourceDate "2021.10.06"]
[SourceVersion "1"]
[SourceVersionDate "2021.10.06"]
[SourceQuality "1"]
[WhiteTeam "Leipzig SG"]
[BlackTeam "Chemnitz"]
[WhiteTeamCountry "GER"]
[BlackTeamCountry "GER"]

1. e4 e5 2. Nf3 Nc6 3. d4 exd4 4. Bc4 h6 5. Nxd4 Nf6 6. 0-0 Be7 7. Re1 d6 8. b3 0-0 9. Bb2 Ne5 10. Qe2 Re8 11. Nd2 Nfd7 12. Rf1 Bf6 13. Rab1 c6 14. N4f3 Ng6 15. Bxf6 Qxf6 16. h3 d5 17. Bd3 Nc5 18. Nh2 dxe4 19. Nxe4 Nxe4 20. Bxe4 Bf5 21. Rfe1 Rxe4 22. Qd2 Rae8 23. Nf3 Rxe1+ 24. Nxe1 a6 25. Nf3 Kf8 26. Qb4+ Qe7 27. Qd2 Qc5 28. Rc1 Be4 29. Qd1 Qd5 30. Qf1 Bxf3 31. gxf3 Qxf3 32. Rd1 Nf4 33. Kh2 g5 34. Rd2 h5 35. Rd1 g4 36. hxg4 hxg4 37. Kg1 Kg7 38. Kh2 Rh8+ 39. Kg1 Rh1# 0-1

[Event "GER-ch U12"]
[Site "Magdeburg"]
[Date "2014.06.13"]
[Round "9"]
[White "Wienhold, Nadine"]
[Black "Rapp, Lukas"]
[Result "1-0"]
[WhiteElo "1342"]
[BlackElo "1216"]
[PlyCount "47"]
[EventDate "2014.06.08"]
[EventType "swiss"]
[EventRounds "11"]
[EventCountry "GER"]
[SourceTitle "CBM 160 Extra"]
[Source "ChessBase"]
[SourceDate "2014.07.01"]
[SourceVersion "1"]
[SourceVersionDate "2014.07.01"]
[SourceQuality "1"]

1. e4 d5 2. exd5 Qxd5 3. Nc3 Qa5 4. d4 c6 5. Bc4 Nf6 6. Bd2 Qb6 7. Nf3 Qxb2 8. 0-0 Bf5 9. Rb1 Qxc2 10. Qxc2 Bxc2 11. Rxb7 e6 12. Ne5 Bd6 13. Nxf7 Bxh2+ 14. Kxh2 Rf8 15. Bxe6 Nfd7 16. Bxd7+ Nxd7 17. Re1+ Kxf7 18. Rxd7+ Kg8 19. Ree7 Rxf2 20. Rxg7+ Kh8 21. Be3 Rff8 22. d5 cxd5 23. Bd4 Rg8 24. Rxh7# 1-0

[Event "GER-ch U12"]
[Site "Magdeburg"]
[Date "2014.06.09"]
[Round "3"]
[White "Kukulina, Sonja"]
[Black "Wienhold, Nadine"]
[Result "1-0"]
[WhiteElo "1162"]
[BlackElo "1342"]
[PlyCount "63"]
[EventDate "2014.06.08"]
[EventType "swiss"]
[EventRounds "11"]
[EventCountry "GER"]
[SourceTitle "CBM 160 Extra"]
[Source "ChessBase"]
[SourceDate "2014.07.01"]
[SourceVersion "1"]
[SourceVersionDate "2014.07.01"]
[SourceQuality "1"]

1. e4 c5 2. Nf3 g6 3. d4 cxd4 4. Nxd4 Bg7 5. Nc3 Nc6 6. Be3 Nf6 7. f3 0-0 8. Bc4 Qa5 9. Qd2 Qb4 10. Bb3 Nxe4 11. Nxc6 Qxc3 12. Nxe7+ Kh8 13. bxc3 Bxc3 14. Qxc3+ Nxc3 15. Bd4+ f6 16. Bxc3 d6 17. g4 Bxg4 18. fxg4 g5 19. 0-0 Kg7 20. Nf5+ Kg6 21. Nxd6 b6 22. Rf2 Rad8 23. Ne4 f5 24. gxf5+ Rxf5 25. Rxf5 Kxf5 26. Ng3+ Kg4 27. Be6+ Kh4 28. Re1 g4 29. Re5 Rd1+ 30. Kg2 Rg1+ 31. Kxg1 Kh3 32. Rh5# 1-0

[Event "GER-ch U12"]
[Site "Magdeburg"]
[Date "2014.06.09"]
[Round "4"]
[White "Wienhold, Nadine"]
[Black "Berelowitsch, Dana"]
[Result "1/2-1/2"]
[WhiteElo "1342"]
[BlackElo "1102"]
[PlyCount "83"]
[EventDate "2014.06.08"]
[EventType "swiss"]
[EventRounds "11"]
[EventCountry "GER"]
[SourceTitle "CBM 160 Extra"]
[Source "ChessBase"]
[SourceDate "2014.07.01"]
[SourceVersion "1"]
[SourceVersionDate "2014.07.01"]
[SourceQuality "1"]

1. e4 d5 2. exd5 Qxd5 3. Nc3 Qa5 4. d4 Nf6 5. Bd2 Nc6 6. Bb5 Bd7 7. Nf3 0-0-0 8. Qe2 Nb4 9. Rc1 Nxa2 10. Bxd7+ Rxd7 11. Ra1 Nxc3 12. Rxa5 Nxe2 13. Kxe2 a6 14. c4 e6 15. b4 Ne4 16. Ra4 Be7 17. Rd1 Bf6 18. Be1 Rhd8 19. Ke3 Nd6 20. b5 Nf5+ 21. Ke2 Nxd4+ 22. Nxd4 Rxd4 23. Rxd4 Rxd4 24. bxa6 bxa6 25. Rxa6 Rxc4 26. Ra8+ Kd7 27. g3 Rc5 28. Rf8 Ke7 29. Rh8 Rh5 30. h4 h6 31. Bb4+ c5 32. Bd2 Rd5 33. Ra8 Rd8 34. Ra7+ Rd7 35. Ra5 c4 36. Rc5 Rd4 37. Bb4 Kd7 38. Ke3 Rd3+ 39. Ke2 Rd4 40. Ke3 Rd3+ 41. Ke2 Rd4 42. Ke3 1/2-1/2

[Event "Sachsen-ch U12 Girls"]
[Site "Sebnitz"]
[Date "2013.04.03"]
[Round "3"]
[White "Wienhold, Nadine"]
[Black "Von Jan, Lena"]
[Result "0-1"]
[WhiteElo "1219"]
[BlackElo "1127"]
[PlyCount "64"]
[EventDate "2013.04.02"]
[EventType "swiss"]
[EventRounds "7"]
[EventCountry "GER"]
[SourceTitle "EXT 2014"]
[Source "ChessBase"]
[SourceDate "2013.11.20"]
[SourceVersion "1"]
[SourceVersionDate "2013.11.20"]
[SourceQuality "1"]

1. e4 e5 2. Nf3 Nc6 3. Bc4 Nf6 4. c3 d5 5. exd5 Nxd5 6. d4 exd4 7. cxd4 Qe7+ 8. Qe2 Qxe2+ 9. Bxe2 Bb4+ 10. Nc3 Nxc3 11. a3 Nxe2+ 12. axb4 Nexd4 13. Nxd4 Nxd4 14. Be3 Nc2+ 15. Kd2 Nxa1 16. Rxa1 a6 17. Ke1 0-0 18. Kf1 Bf5 19. Rc1 Bd3+ 20. Kg1 Rad8 21. h3 Rd5 22. Rc3 f5 23. f3 Bb5 24. Bf2 Re8 25. Rc2 Re2 26. Rc1 Rdd2 27. Rf1 Rxb2 28. g3 Rec2 29. g4 Bxf1 30. Kxf1 Rxf2+ 31. Ke1 Rh2 32. gxf5 Rb1# 0-1

[Event "GER-chT U14 Girls"]
[Site "Magdeburg"]
[Date "2012.12.29"]
[Round "5.4"]
[White "Mueller, Jennifer"]
[Black "Wienhold, Nadine"]
[Result "0-1"]
[WhiteElo "940"]
[BlackElo "1167"]
[PlyCount "118"]
[EventDate "2012.12.27"]
[EventType "team-swiss"]
[EventRounds "7"]
[EventCountry "GER"]
[SourceTitle "EXT 2014"]
[Source "ChessBase"]
[SourceDate "2013.11.20"]
[SourceVersion "1"]
[SourceVersionDate "2013.11.20"]
[SourceQuality "1"]
[WhiteTeam "Porz SG"]
[BlackTeam "Chemnitz USG"]
[WhiteTeamCountry "GER"]
[BlackTeamCountry "GER"]

1. e4 e5 2. Nf3 Nc6 3. Bc4 Nf6 4. d3 Bc5 5. Nc3 d6 6. h3 h6 7. Be3 Nd4 8. a3 Be6 9. Ba2 Qd7 10. Nd5 Nxd5 11. exd5 Bf5 12. Bc4 a6 13. c3 Nb5 14. Bxc5 dxc5 15. Nxe5 Qe7 16. Qe2 0-0 17. Kd2 Rfe8 18. Rhe1 Qd6 19. Bxb5 axb5 20. Kd1 f6 21. Nc4 Rxe2 22. Nxd6 Rxe1+ 23. Kxe1 cxd6 24. Kd2 Re8 25. b3 Kf7 26. b4 Ke7 27. bxc5 dxc5 28. Re1+ Kd7 29. Rxe8 Kxe8 30. c4 Bd7 31. Kc3 Ke7 32. d4 Kd6 33. f3 b6 34. g4 g5 35. dxc5+ Kxc5 36. cxb5 Bxb5 37. d6 Kxd6 38. Kb4 Bc6 39. a4 Bxf3 40. a5 bxa5+ 41. Kxa5 Bxg4 42. hxg4 Ke5 43. Kb4 Kf4 44. Kc3 Kxg4 45. Kd3 h5 46. Ke3 Kg3 47. Ke2 Kg2 48. Ke3 h4 49. Ke4 h3 50. Kf5 h2 51. Kxf6 g4 52. Kf5 g3 53. Kg4 Kf2 54. Kh3 h1Q+ 55. Kg4 g2 56. Kf4 g1R 57. Ke5 Rg4 58. Kf6 Qh5 59. Ke6 Rg6+ 0-1

[Event "Sachsen-ch U10 Girls"]
[Site "Sebnitz"]
[Date "2012.04.12"]
[Round "4"]
[White "Haag, Lea"]
[Black "Wienhold, Nadine"]
[Result "1-0"]
[WhiteElo "1156"]
[BlackElo "1000"]
[PlyCount "165"]
[EventDate "2012.04.10"]
[EventType "swiss"]
[EventRounds "7"]
[EventCountry "GER"]
[SourceTitle "CBM 148 Extra"]
[Source "ChessBase"]
[SourceDate "2012.06.22"]
[SourceVersion "1"]
[SourceVersionDate "2012.06.22"]
[SourceQuality "1"]

1. e4 e5 2. Nf3 Nc6 3. Bb5 Nd4 4. Ba4 b5 5. Nxd4 exd4 6. Bxb5 c6 7. Be2 d5 8. d3 Nf6 9. Bf3 Qe7 10. Qe2 h6 11. exd5 cxd5 12. Qxe7+ Bxe7 13. 0-0 0-0 14. c4 Bb7 15. b3 Rab8 16. Ba3 Bxa3 17. Nxa3 dxc4 18. Bxb7 Rxb7 19. Nxc4 Rb5 20. Rfe1 Re8 21. Rxe8+ Nxe8 22. Re1 Rb8 23. Re7 a6 24. Rd7 Nf6 25. Rxd4 Re8 26. Kf1 Re6 27. Rd6 Kf8 28. Rxe6 fxe6 29. Ke2 Ke7 30. Kf3 Nd5 31. g4 Kf6 32. h4 g6 33. d4 g5 34. h5 Nc3 35. a3 Nb5 36. Ke4 Nc3+ 37. Kd3 Nd5 38. Kd2 Nf4 39. b4 Nd5 40. Ne5 Nc7 41. Kc2 Ke7 42. Kc3 Nb5+ 43. Kb3 Nxd4+ 44. Kc4 Nb5 45. a4 Nc7 46. b5 axb5+ 47. axb5 Kd6 48. Nf7+ Kd7 49. Kc5 Ne8 50. b6 Kc8 51. Nd6+ Nxd6 52. Kxd6 Kb7 53. Kc5 e5 54. f3 Kb8 55. b7 Kxb7 56. Kd5 Kc7 57. Kxe5 Kd7 58. Kf6 Ke8 59. Kf5 Kf7 60. f4 gxf4 61. Kxf4 Kg7 62. Ke5 Kf7 63. Kf5 Kg7 64. Ke6 Kh7 65. Kf7 Kh8 66. Kg6 Kg8 67. Kxh6 Kf7 68. g5 Kg8 69. Kg6 Kh8 70. Kf7 Kh7 71. g6+ Kh6 72. g7 Kg5 73. g8Q+ Kf4 74. h6 Ke4 75. Qg5 Kf3 76. h7 Ke4 77. h8R Kf3 78. Rh4 Kf2 79. Ra4 Kf3 80. Qf4+ Ke2 81. Ra3 Kd1 82. Qf2 Kc1 83. Ra1# 1-0